000 00655nam a2200193 a 4500
005 20140412111307.0
008 010425s19uu xx 00 eng d
020 _a0-688-14395-4
050 _aTR(PS E
_bEn3 1990
100 _aPaxton, Tom
245 _aEngelbert the elephant /
_cwritten by Tom Paxton; illustrated by Steven Kellogg.
260 _aNew York :
_bMulberry Books,
_c1990.
300 _a1v. (unp.) ; ill.
520 _aAn elephant's dancing skills and good manners surprise everyone at the royal ballm including the queen.
650 _aElephants-Fiction
650 _aDancing - Fiction
650 _aStories in rhyme
999 _c103723
_d103723